China's management of the American barbarians: a study of sino-American relations, 1841-1861, with documents (Record no. 424147)

000 -LEADER
fixed length control field 00507cam a22001337a 4500
008 - FIXED-LENGTH DATA ELEMENTS--GENERAL INFORMATION
fixed length control field 180718b1953 xxu||||| |||| 00| 0 eng d
082 ## - DEWEY DECIMAL CLASSIFICATION NUMBER
Classification number Dx51 Sw65
100 ## - MAIN ENTRY--PERSONAL NAME
Personal name Swisher, Earl
245 ## - TITLE STATEMENT
Title China's management of the American barbarians: a study of sino-American relations, 1841-1861, with documents
Statement of responsibility, etc. by Earl Swisher
260 ## - PUBLICATION, DISTRIBUTION, ETC.
Place of publication, distribution, etc. New Haven
Name of publisher, distributor, etc. Far Eastern Publications
Date of publication, distribution, etc. 1953
300 ## - PHYSICAL DESCRIPTION
Extent xxi, 844p
650 ## - SUBJECT ADDED ENTRY--TOPICAL TERM
Topical term or geographic name entry element China --Foreign relations --United States
650 ## - SUBJECT ADDED ENTRY--TOPICAL TERM
Topical term or geographic name entry element United States --Foreign relations --China
Holdings
Withdrawn status Lost status Damaged status Not for loan Permanent Location Current Location Date acquired Full call number Barcode Date last seen Price effective from Koha item type
        Indian Institute of Public Administration Indian Institute of Public Administration 2009-09-16 Dx51 Sw65 24831 2018-07-21 2018-07-21 Book

Powered by Koha